02868cpcaa2200469 4500001001300000003000400013005001700017008004100034010003100075040002400106072001200130100003700142245006800179300001600247300001800263300002200281506002200303520048600325545039100811546003601202600005901238600004301297600005001340600002201390610007101412651003601483651003501519651005201554651005001606651004101656656002301697700005701720700007101777700009101848700007301939700008302012700007702095700006502172700007902237700006502316999001702381mm 80056622 DLC20260227111704.0810928|||||||||||| eng  amm 80056622 bms 80002084  aDLCcDLCedacsdDLC 7aR2lcmd1 aRoosevelt, Theodore,d1831-1878.00aTheodore Roosevelt family papers,f1810-1919g(bulk 1849-1877). a300fitems. a1fcontainer. a0.4flinear feet.0 aOpen to research.8 aChiefly general and family correspondence (1849-1877) of Roosevelt; and correspondence and other papers of other family members relating primarily to personal and family matters and to travels in Europe, India, and western United States. Includes material relating to the Civil War and to Roosevelt's work as commissioner with the U.S. Allotment Commissioners for the State of New York. Other correspondents include A. Van Horne Ellis, John Stoneacre Ellis, and George W. Morris.0 aFamily members represented include Theodore Roosevelt (merchant); his wife, Martha Bulloch Roosevelt; his father, Cornelius Van Schaack Roosevelt; his mother, Margaret Barnhill Roosevelt; his uncles, John Redman Barnhill and Nicholas Roosevelt; his brothers, James Alfred Roosevelt and Robert Barnwell Roosevelt; and his children, Anna Roosevelt Cowles and President Theodore Roosevelt. aCollection material in English.10aEllis, Augustus Van Horne,d1827-1863vCorrespondence.10aEllis, John StoneacrevCorrespondence.10aMorris, Geo. W.q(George W.)vCorrespondence.30aRoosevelt family.10aUnited States.bAllotment Commissioners for the State of New York. 0aEuropexDescription and travel. 0aIndiaxDescription and travel. 0aNew York (N.Y.)xHistoryyCivil War, 1861-1865. 0aUnited StatesxHistoryyCivil War, 1861-1865. 0aWest (U.S.)xDescription and travel. 7aMerchants.2itoamc1 aBarnhill, John Redman.tJohn Redman Barnhill papers.1 aCowles, Anna Roosevelt,d1855-1931.tAnna Roosevelt Cowles papers.1 aRoosevelt, Cornelius Van Schaack,d1794-1871.tCornelius Van Schaack Roosevelt papers.1 aRoosevelt, James Alfred,d1825-1898.tJames Alfred Roosevelt papers.1 aRoosevelt, Margaret Barnhill,d1799-1861.tMargaret Barnhill Roosevelt papers.1 aRoosevelt, Martha Bulloch,d1835-1884.tMartha Bulloch Roosevelt papers.1 aRoosevelt, Nicholas,d1798-1828.tNicholas Roosevelt papers.1 aRoosevelt, Robert Barnwell,d1829-1906.tRobert Barnwell Roosevelt papers.1 aRoosevelt, Theodore,d1858-1919.tTheodore Roosevelt papers. c42897d42897